000 00765nam a22002297a 4500
003 LK-CoMWRAF
005 20240315113928.0
008 240115b1994 |||||||| |||| 00| 0 eng d
040 _aLK-CoMWRAF
_dLK-CoMWRAF
_eLK-CoMWRAF
041 _atam
082 _a305.4
_bBHA
100 _aபாசின், கம்லா
_vBhasin, Kamla
242 _aWhat is patriarchy?
245 _aஆன் தலைமை ஆட்சி என்றால் என்ன?
260 _aColombo:
_bSocial Scientists' association,
_c1995
300 _a74 p. ; 22 cm
650 _aFEMINISM
650 _aPatriarchy-South Asia
650 _aWomen-Social conditions
700 _aசிவகுமாரன், புஸ்பா
_ySivakumaran, Puspa
_etrans.
942 _cBK
999 _c4629
_d4629